000 02883cam a2200289 4500500
005 20260329005805.0
041 _afre
042 _adc
100 1 0 _aGoujon, Daniel
_eauthor
245 0 0 _aChapitre 5. La monnaie banque centrale numérique : quels enjeux économiques, éthiques et démocratiques ?
260 _c2025.
500 _a31
520 _aLes cryptomonnaies, basées sur la technologie blockchain, en apportant une nouvelle façon de faire monnaie remettent en cause le pouvoir des institutions monétaires. Face à cette situation, les banques centrales envisagent des Monnaies Banque Centrale Numériques (MBCN) pour s’adapter aux nouvelles technologies, lutter contre la prolifération des monnaies privées et sécuriser le fait monétaire. Par ailleurs, l’euro numérique, monnaie interbancaire et instrument de crédit, permettrait de revenir sur l’actuel privilège des banques privée en matière de création monétaire par le biais de l’octroi de crédit et offrir à la BCE la possibilité de financer des projets non rentables mais socialement utiles. Cependant, cette centralisation économique soulève des questions sur la garantie des libertés individuelles et sur la gouvernance de la BCE. Ainsi, la transition vers une monnaie numérique doit être accompagnée d’une réflexion éthique et politique collective.
520 _aCryptocurrencies, based on blockchain technology, offer a new way of creating money and challenge the power of monetary institutions. Faced with this situation, central banks are considering Central Bank Digital Currencies (CBDCs) to adapt to new technologies, combat the proliferation of private currencies, and secure the monetary system. Furthermore, the digital euro, an interbank currency and credit instrument, would allow for a reversal of the current privilege held by private banks in creating money through lending and offer the ECB the opportunity to finance projects that are not profitable but are socially beneficial. However, this economic centralization raises questions about the guarantee of individual freedoms and the governance of the ECB. Therefore, the transition to a digital currency must be accompanied by collective ethical and political reflection.
690 _acréation monétaire
690 _acryptomonnaie
690 _aeuro numérique
690 _amonnaie Banque centrale numérique
690 _apolitique monétaire
690 _aCentral bank digital currency
690 _acryptocurrency
690 _adigital euro
690 _amonetary policy
690 _amoney creation
786 0 _nJournal international de bioéthique et d'éthique des sciences | 36 | 3 | 2025-12-17 | p. 67-74 | 2555-5111
856 4 1 _uhttps://stm.cairn.info/revue-journal-international-de-bioethique-et-dethique-des-sciences-2025-3-page-67?lang=fr&redirect-ssocas=7080
999 _c1846643
_d1846643